| 000 | 01328nam a2200409 c 4500 | ||
|---|---|---|---|
| 001 | 24792 | ||
| 003 | ES-MaCES | ||
| 005 | 20141221122930.0 | ||
| 008 | 121213s2012 sp t 000 | spa d | ||
| 017 |
_aM 31124-2012 _bDL |
||
| 020 | _a9788490310229 | ||
| 035 | _aCES20120007973m | ||
| 040 |
_aES-MaCES _bspa _cES-MaCES |
||
| 100 | 1 |
_aRubio Castro, Ana _922770 |
|
| 245 | 1 | 0 |
_aDignidad e igualdad en derechos _b: el acoso en el trabajo _cAna Rubio & Juana María Gil |
| 260 |
_aMadrid _bDykinson _c[2012] |
||
| 300 |
_a219 p. _c24 cm |
||
| 500 | _aEn la port.: Junta de Andalucía | ||
| 504 | _aBibliografía: p.213-219 | ||
| 541 | _cCompra | ||
| 650 | 4 |
_arégimen jurídico _929894 |
|
| 650 | 4 |
_aEspaña _926964 |
|
| 650 | 4 |
_aderecho jurisprudencial _929863 |
|
| 650 | 4 |
_aderecho administrativo _927155 |
|
| 650 | 4 |
_aderecho internacional _926684 |
|
| 650 | 4 |
_aderecho del trabajo _927165 |
|
| 650 | 4 |
_aigualdad de oportunidades _927183 |
|
| 650 | 4 |
_adiscriminación por razones de sexo _929521 |
|
| 650 | 4 |
_amujeres _928657 |
|
| 650 | 4 |
_aacoso laboral _930708 |
|
| 650 | 4 |
_aacoso sexual _929555 |
|
| 653 | 1 | 0 | _aDerecho del trabajo y Seguridad Social |
| 710 | 2 |
_aAndalucía _bJunta _91344 |
|
| 902 | _aLIB Libro | ||
| 942 |
_2CES _cBK _h6.0.1. |
||
| 999 |
_c24792 _d24792 |
||